<?xml version="1.0" encoding="UTF-8"?>
<record
    xmlns:xsi="http://www.w3.org/2001/XMLSchema-instance"
    xsi:schemaLocation="http://www.loc.gov/MARC21/slim http://www.loc.gov/standards/marcxml/schema/MARC21slim.xsd"
    xmlns="http://www.loc.gov/MARC21/slim">

  <leader>02445cam a2200349 a 4500</leader>
  <controlfield tag="003">EG-GiCUC</controlfield>
  <controlfield tag="005">20250223032316.0</controlfield>
  <controlfield tag="008">190615s2018    ua dh  f m    000 0 eng d</controlfield>
  <datafield tag="040" ind1=" " ind2=" ">
    <subfield code="a">EG-GiCUC</subfield>
    <subfield code="b">eng</subfield>
    <subfield code="c">EG-GiCUC</subfield>
  </datafield>
  <datafield tag="041" ind1="0" ind2=" ">
    <subfield code="a">eng</subfield>
  </datafield>
  <datafield tag="049" ind1=" " ind2=" ">
    <subfield code="a">Deposite </subfield>
  </datafield>
  <datafield tag="097" ind1=" " ind2=" ">
    <subfield code="a">Ph.D</subfield>
  </datafield>
  <datafield tag="099" ind1=" " ind2=" ">
    <subfield code="a">Cai01.24.03.Ph.D.2018.Eh.K</subfield>
  </datafield>
  <datafield tag="100" ind1="0" ind2=" ">
    <subfield code="a">Ehab Nabil Salama</subfield>
  </datafield>
  <datafield tag="245" ind1="1" ind2="0">
    <subfield code="a">Knockout of gene expression in induced endometriotic cells / </subfield>
    <subfield code="c">Ehab Nabil Salama ; Supervised Mohamed Amr Hussein Elnoury , Sherif Mohamed Khatab ,  Osama Mahmoud Azmy</subfield>
  </datafield>
  <datafield tag="246" ind1="1" ind2="5">
    <subfield code="a">&#x627;&#x64A;&#x642;&#x627;&#x641; &#x627;&#x644;&#x62A;&#x639;&#x628;&#x64A;&#x631; &#x627;&#x644;&#x62C;&#x64A;&#x646;&#x649; &#x641;&#x649; &#x627;&#x644;&#x62E;&#x644;&#x627;&#x64A;&#x627; &#x627;&#x644;&#x645;&#x62D;&#x641;&#x632;&#x647; &#x627;&#x644;&#x649; &#x62E;&#x644;&#x627;&#x64A;&#x627; &#x645;&#x634;&#x627;&#x628;&#x647;&#x629; &#x644;&#x62E;&#x644;&#x627;&#x64A;&#x627; &#x627;&#x644;&#x628;&#x637;&#x627;&#x646;&#x647; &#x627;&#x644;&#x631;&#x62D;&#x645;&#x64A;&#x629;</subfield>
  </datafield>
  <datafield tag="260" ind1=" " ind2=" ">
    <subfield code="a">Cairo : </subfield>
    <subfield code="b">Ehab Nabil Salama , </subfield>
    <subfield code="c">2018</subfield>
  </datafield>
  <datafield tag="300" ind1=" " ind2=" ">
    <subfield code="a">164 P. : </subfield>
    <subfield code="b">charts , facsimiles ; </subfield>
    <subfield code="c">25cm</subfield>
  </datafield>
  <datafield tag="502" ind1=" " ind2=" ">
    <subfield code="a">Thesis (Ph.D.) - Cairo University - National Institute of Laser Enhanced Sciences - Department of Laser Applications in Medical and Biological</subfield>
  </datafield>
  <datafield tag="520" ind1=" " ind2=" ">
    <subfield code="a">Endometriosis is a common gynecological disorder defined as the presence of chronic ectopic functioning endometrial tissues, outside uterine cavity, primarily on the pelvic peritoneum and the ovaries. Several studies showed a correlation between aberrant stem-cell activity in the endometrium and endometriosis. Yet the molecular and cellular behaviors of mesenchymal stem cells in development of endometriosis are hampered by lack of in-vitro experiments. Our aim was to study the morphological and molecular changes associated with mesenchymal stem cells (MSCs) upon exposure to serum derived from women with severe endometriosis. Two cell cultures of MSCs isolated from endometrial tissues of two endometriosis-free women. Each cell culture was treated individually with two concentrations of the serum of women with endometriosis (experimental group/n = 20), and serum of women without endometriosis (control group/ n =10) for 14 days. Quantitative Real-Time PCR was done later to detect expression of OCT4, CDH1 and CDH2, STAT3 and SOX2 genes</subfield>
  </datafield>
  <datafield tag="530" ind1=" " ind2=" ">
    <subfield code="a">Issued also as CD</subfield>
  </datafield>
  <datafield tag="653" ind1=" " ind2="4">
    <subfield code="a">Endometriosis</subfield>
  </datafield>
  <datafield tag="653" ind1=" " ind2="4">
    <subfield code="a">Mesenchymal stem cells </subfield>
  </datafield>
  <datafield tag="653" ind1=" " ind2="4">
    <subfield code="a">OCT-4 </subfield>
  </datafield>
  <datafield tag="700" ind1="0" ind2=" ">
    <subfield code="a">Mohamed Amr Hussein Elnoury , </subfield>
    <subfield code="e">Supervisor</subfield>
  </datafield>
  <datafield tag="700" ind1="0" ind2=" ">
    <subfield code="a">Osama Mahmoud Azmy , </subfield>
    <subfield code="e">Supervisor</subfield>
  </datafield>
  <datafield tag="700" ind1="0" ind2=" ">
    <subfield code="a">Sherif Mohamed Khatab , </subfield>
    <subfield code="e">Supervisor</subfield>
  </datafield>
  <datafield tag="856" ind1=" " ind2=" ">
    <subfield code="u">http://172.23.153.220/th.pdf</subfield>
  </datafield>
  <datafield tag="905" ind1=" " ind2=" ">
    <subfield code="a">Nazla</subfield>
    <subfield code="e">Revisor</subfield>
  </datafield>
  <datafield tag="905" ind1=" " ind2=" ">
    <subfield code="a">Shimaa</subfield>
    <subfield code="e">Cataloger</subfield>
  </datafield>
  <datafield tag="942" ind1=" " ind2=" ">
    <subfield code="2">ddc</subfield>
    <subfield code="c">TH</subfield>
  </datafield>
  <datafield tag="999" ind1=" " ind2=" ">
    <subfield code="c">72457</subfield>
    <subfield code="d">72457</subfield>
  </datafield>
  <datafield tag="952" ind1=" " ind2=" ">
    <subfield code="2">ddc</subfield>
    <subfield code="7">0</subfield>
    <subfield code="a">CUCL</subfield>
    <subfield code="b">cl210</subfield>
    <subfield code="d">2024-02-11</subfield>
    <subfield code="o">Cai01.24.03.Ph.D.2018.Eh.K</subfield>
    <subfield code="p">01010110078441000</subfield>
    <subfield code="r">2023-09-22 00:00:00</subfield>
    <subfield code="y">TH</subfield>
  </datafield>
  <datafield tag="952" ind1=" " ind2=" ">
    <subfield code="2">ddc</subfield>
    <subfield code="7">0</subfield>
    <subfield code="a">CUCL</subfield>
    <subfield code="b">cl2u8</subfield>
    <subfield code="d">2024-02-11</subfield>
    <subfield code="o">Cai01.24.03.Ph.D.2018.Eh.K</subfield>
    <subfield code="p">01020110078441000</subfield>
    <subfield code="r">2023-09-22 00:00:00</subfield>
    <subfield code="t">78441.CD     </subfield>
    <subfield code="y">CD</subfield>
  </datafield>
</record>
